书目信息 |
| 题名: |
元诗选
|
|
| 作者: | 顾嗣立 编 | |
| 分册: | 初集 | |
| 出版信息: | 北京 中华书局 1987 |
|
| 页数: | 843-1726页 | |
| 开本: | 20cm | |
| 丛书名: | ||
| 单 册: | ||
| 中图分类: | I222.747 | |
| 科图分类: | ||
| 主题词: | 古典诗歌--中国--元代--选集 | |
| 电子资源: | ||
| ISBN: | 7-101-00020-7 | |
| 000 | 00682nam0 2200229 45 | |
| 001 | 0187003733 | |
| 005 | 20060519094352.78 | |
| 010 | @a7-101-00020-7@b精装@dCNY18.20(全三册) | |
| 100 | @a19900830g1987 em y0chiy0121 ea | |
| 101 | 0 | @achi |
| 102 | @aCN@b110000 | |
| 105 | @ay z 000yy | |
| 200 | 10 | @a元诗选@Ayuan shi xuan@h初集@h二@f(清)顾嗣立编 |
| 210 | @a北京@c中华书局@d1987 | |
| 215 | @a843-1726页@d20cm | |
| 304 | @a顾嗣立(1665~1722), 字侠君, 江苏长洲人, 博学工诗 | |
| 606 | @a古典诗歌@y中国@z元代@x选集 | |
| 690 | @aI222.747@v3 | |
| 701 | 0 | @a顾嗣立@Agu si li@f清@4编 |
| 801 | 2 | @aCN@bNLC@c20060519 |
| 801 | 0 | @aCN@b深圳图书馆@c20040417 |
| 905 | @dI222.747@e307:1(2) | |
| 元诗选.初集.二/(清)顾嗣立编.-北京:中华书局,1987 |
| 843-1726页;20cm |
| ISBN 7-101-00020-7(精装):CNY18.20(全三册) |
| ● |
| 相关链接 |
|
|
|
|
正题名:元诗选
索取号:I222.747/307:1(2)
 
预约/预借
| 序号 | 登录号 | 条形码 | 馆藏地/架位号 | 状态 | 备注 |
| 1 | 0202659 | 202355085 | 密集书库/ [索取号:I222.747/307:1(2)] | 在馆 |